Ultimate Narnia Characters - Statistics

General Stats
  • This quiz has been taken 898 times
    696 since last reset
  • The average score is 32 of 83
Answer Stats
Hint Answer % Correct
Queen of Narnia, The Valiant, a Pevensie child Lucy Pevensie
91%
High King of Narnia, The Magnificent, Lord of Cair Paravel, Emperor of the Lone Islands, a Pevensie child Peter Pevensie
90%
Queen of Narnia, The Gentle, grows up too fast, a Pevensie child Susan Pevensie
90%
High King over all high Kings and Creator and Lord of Narnia Aslan
89%
King of Narnia, The Just, once a traitor of Narnia, a Pevensie child Edmund Pevensie
87%
Crowned King of Narnia with help from Aslan and the Pevensies; father of Prince Rilian (PC) Caspian
84%
Chief Mouse of Narnia Reepicheep
75%
Shasta's real name (HHB) Cor
72%
Cousin of the Pevensies, reformed pest Eustace Clarence Scrubb
71%
First Narnian to meet all four Pevensie children, builder of the dam near Beaversdam (LWW) Mr. Beaver
69%
Married to above (LWW) Mrs. Beaver
68%
Faun, befriends Lucy when she first arrives in Narnia Tumnus
68%
Accompanies Eustace into Narnia after running from bullies Jill Pole
65%
Flees Calormen when betrothed to Ashosta, escapes and becomes Queen of Archenland (HHB) Aravis Tarkheena
63%
Younger twin of Cor (HHB) Corin
61%
Travels with Diggory through the Wood Between the Worlds Polly Plummer
61%
Another name for the White Witch (MN) Jadis
60%
Once ruler of the dead world of Charn, enslaved Narnia in a 100-year winter White Witch
60%
Usurping king of Narnia (HHB) Miraz
58%
The only son of King Caspian, fell under enchantment of the Green Witch for ten years (SC) Rilian
58%
Young boy brought up by Arsheesh, becomes King Cor of Archenland and marries Aravis (HHB) Shasta
58%
Diggory's "mad" uncle (MN) Andrew Ketterley
56%
Last King of Narnia Tirian
56%
Named for Roman god of wine (PC) Bacchus
54%
Escaped captivity from Calormen and carries Shasta in travels with Aravis (HHB) Breehy-hinny-brinny-hoohy-hah
52%
Ape who influences a donkey to impersonate Aslan and gain control over Narnia Shift
52%
Friend of Narnia, attended the creation of Narnia Digory Kirke
50%
"The inexorable", God of the Calormenes, a skeletal figure with the head of a vulture and four arms who demands blood sacrifices (HHB, LB) Tash
46%
Red Dwarf who seeks out the Pevensies Trumpkin
46%
Marshwiggle, guides Eustace and Jill on their search for Prince Rilian (LB) Puddleglum
44%
Father of all winged horses (MN) Fledge (Strawberry)
40%
Traitorous Black Dwarf (PC) Nikabrik
40%
A donkey tricked into becoming the false Aslan (LB) Puzzle
40%
First King of Narnia, formerly a London cabby (MN) Frank
39%
Talking mare from Narnia, carries Aravis in travels with Shasta (HHB) Hwin
39%
Wolf, Captain of the White Witch's secret police (LLW) Maugrim
39%
Unicorn, best friend of King Tirian (LB) Jewel
38%
First Queen of Narnia, formerly the wife of a London cabby (MN) Helen
37%
One of the Seven Great Lords of Narnia, rescued from the Dark Island (VDT) Rhoop
37%
Captain of the Dawn Treader (VDT) Drinian
36%
A talking badger who cares for Caspian, remains loyal to Aslan always (PC) Trufflehunter
36%
Half-dwarf, half-human, tutor to Caspian (PC) Cornelius
35%
Crown Prince and later Tisroc of Calormen, led the failed invasion of Narnia (HHB) Rabadash
35%
"The Great", son of King Cor and Queen Aravis (HHB) Ram
35%
The supreme ruler of Calormen (HHB) Tisroc
32%
One of the Seven Great Lords, also Duke of Lone Islands (VDT) Bern
31%
Star, father-in-law of Caspian (VDT) Ramandu
31%
Fisherman in Calormen, rescues Shasta (HHB) Arsheesh
30%
King of Archenland, father of Cor and Corin (HHB) King Lune
29%
Queen of the Underland, kidnapped and enslaved Rilian (SC) Lady of the Green Kirtle
28%
Cat in league with Shift (LB) Ginger
27%
Owl, carries Jill and Eustace to the Parliament of Owls (SC) Glimfeather
25%
Friend of Aravis; vain, gossipy (HHB) Lasaraleen Tarkheena
25%
Eagle that brings news to Tirian (LB) Farsight
23%
Housekeeper to Professor Kirke (LWW) Mrs. Macready
23%
Wife of Miraz (PC) Prunaprismia
23%
Former star, set as punishment to tend the Duffers (VDT) Coriakin
22%
Centaur, prophet and stargazer (PC) Glenstorm
21%
One of the Seven Great Lords of Narnia, died on dragon Isle (VDT) Octesian
20%
Giant turned into stone by the White Witch and freed later by Aslan (LWW) Rumblebuffin
20%
Counselor to Miraz, killed in battle by Peter (PC) Glozelle
19%
One of the Seven Great Lords of Narnia (VDT) Mavramorn
18%
Trustworthy squirrel (PC) Pattertwig
18%
Second Mouse under Reepicheep (PC) Peepiceek
18%
Slave dealer (VDT) Pug
18%
One of the Seven Great Lords of Narnia, died on Deathwater (VDT) Restimar
18%
"Lady of Peace", a moving star (PC) Alambil
17%
First mate of the Dawn Treader (VDT) Rhince
17%
Horse of the Green Witch (SC) Snowflake
17%
Governor of the Lone Islands, deposed by Caspian (VDT) Gumpas
16%
Digory's aunt (MN) Letitia
16%
The last dwarf loyal to King Tirian (LB) Poggin
16%
Centaur, reads stars, friend to Tirian (LB) Roonwit
16%
Fat old man, attendant of Bacchus (PC) Silenus
16%
One of the Seven Great Lords of Narnia (VDT) Argoz
15%
A Calormene who plots with Shift to take over Narnia (LB) Rishda Tarkaan
13%
Andrew's fairy godmother (MN) Mrs. Lefay
12%
One of the Seven Great Lords of Narnia (VDT) Revilian
11%
Calormene goddess, "Lady of the Night" (HHB) Zardeenah
9%
Narnian courtier at embassy to Tashbaan (HHB) Peridan
8%
Father of Aravis (HHB) Kidrash Tarkaan
7%
Cousin of Aravis (HHB) Alimash
5%
Grandfather of Aravis (HHB) Rishti Tarkaan
5%
No matching quizzes found
Score Distribution
Percent of People with Each Score
Percentile by Number Answered
Your Score History
You have not taken this quiz since the last reset